| 000 | 01648nam a2200289 u 4500 | ||
|---|---|---|---|
| 001 | 000048587 | ||
| 005 | 20200120222613.0 | ||
| 008 | 120423s2011 sp a br 000 j spa d | ||
| 020 | _a8466715762 | ||
| 041 | 0 | _a-spa | |
| 043 | _ae-sp--- | ||
| 090 |
_aC _bALOAcm |
||
| 100 | 1 |
_aAlonso, Ana _d1970- |
|
| 245 | 1 | 4 |
_aUna carta muy rara / _cAna Alonso ; ilustraciones de Antonia Santolaya. |
| 250 | _a1a. ed. | ||
| 260 |
_aMadrid : _bAnaya, _c2011. |
||
| 300 |
_a62 p. : _bil., col. |
||
| 490 | 0 |
_aPizca de sal _pLengua |
|
| 500 | _aIncluye 11 fichas troqueladas con actividades | ||
| 500 | _aAudiencia: A partir de 6 años | ||
| 520 | 3 | _a"Lut, el mago de las palabras, tiene visita. ¡Los reyes magos han venido a verle! Han recibido una carta muy rara, y necesitan su ayuda para entender lo que dice. ¿Conseguirá Lut aclarar el misterio? Además de disfrutar de la lectura, permite aprender los signos de puntuación y adquirir vocabulario relacionado con la Navidad. Pizca de Sal es una colección que combina literatura y contenidos de distintas materias del currículo: cada libro aborda los contenidos a través de una historia de ficción con una trama seductora y divertida y un lenguaje adecuado a la edad de los lectores. Los libros, de diseño atractivo y profusamente ilustrados, van acompañados de diez fichas de actividades con propuestas para realizar individualmente o en equipo, y tanto en casa como en el aula" | |
| 650 | 1 | 4 | _aCuentos infantiles españoles |
| 650 | 2 | 4 | _aLiteratura infantil española |
| 650 | 2 | 4 | _aMagos en la literatura |
| 650 | 2 | 4 | _aLibros ilustrados para niños |
| 700 | 1 |
_aSantolaya, Antonia _eil. |
|
| 999 |
_c3157 _d3157 |
||